Statistics for Italy Euro 2012 Squad

Click here to take the quiz!

General Stats

  • This quiz has been taken 1,216 times
  • The average score is 13 of 23

Answer Stats

ClubPositionAnswer% Correct
JuventusGKGianluigi Buffon
100%
Manchester CitySTMario Balotelli
91%
JuventusMDAndrea Pirlo
89%
JuventusDFGiorgio Chiellini
87%
RomaMDDaniele de Rossi
81%
JuventusDFAndrea Barzagli
79%
JuventusDFLeonardo Bonucci
78%
Paris Saint-GermainGKSalvatore Sirigu
77%
UdineseSTAntonio di Natale
76%
JuventusMDClaudio Marchisio
73%
Paris Saint-GermainMDThiago Motta
66%
MilanDFIgnazio Abate
59%
MilanSTAntonio Cassano
58%
MilanMDRiccardo Montolivo
54%
NapoliGKMorgan de Sanctis
50%
NapoliDFChristian Maggio
42%
ParmaSTSebastian Giovinco
33%
BolognaMDAlessandro Diamanti
32%
PalermoDFFederico Balzaretti
32%
TorinoDFAngelo Ogbonna
30%
MilanMDAntonio Nocerino
26%
JuventusMDEmanuele Giaccherini
20%
RomaSTFabio Borini
16%

Score Distribution

Percentile by Number Answered

Percent of People with Each Score

Your Score History

You have not taken this quiz